INVESTIGATIONS SIMPLIFIED CAN YOU SPOT IT (Record no. 30973)

MARC details
000 -LEADER
fixed length control field 00412nam a22001697a 4500
003 - CONTROL NUMBER IDENTIFIER
control field SGT
020 ## - INTERNATIONAL STANDARD BOOK NUMBER
International Standard Book Number 9789394525825
082 ## - DEWEY DECIMAL CLASSIFICATION NUMBER
Classification number 615.8
Item number I24P
100 ## - MAIN ENTRY--PERSONAL NAME
Personal name PANHALE, VRUSHALI
245 ## - TITLE STATEMENT
Title INVESTIGATIONS SIMPLIFIED CAN YOU SPOT IT
250 ## - EDITION STATEMENT
Edition statement 1ST
260 ## - PUBLICATION, DISTRIBUTION, ETC. (IMPRINT)
Place of publication, distribution, etc INDIA
Name of publisher, distributor, etc CBS PUB
Year of Publication 2024
300 ## - PAGE DESCRIPTION
No. of Pages 374
650 ## - SUBJECT ADDED ENTRY--TOPICAL TERM
Topical term or geographic name as entry element PHYSIOTHERAPY
653 ## - KEYWORDS--INDEX TERM
Keyword term INVESTIGATIONS SIMPLIFIED CAN YOU SPOT IT
942 ## - ADDED ENTRY ELEMENTS (KOHA)
Source of classification or shelving scheme Dewey Decimal Classification
Koha item type Books
Holdings
Withdrawn status Lost status Source of classification or shelving scheme Damaged status Not for loan Collection code Home library Current library Shelving location Date acquired Vendor Name Cost, normal purchase price SGTU Bill Number Total Checkouts Full call number Accession No. (Barcode) Date last seen Bill Date Koha item type
    Dewey Decimal Classification   Not For Loan MEDICAL SGT Medical Library SGT Medical Library Text Book 23/03/2025 ABC DELHI 595.00 SGTU 20801   615.8 I24P FM15233 25/04/2025 23/03/2025 Books
    Dewey Decimal Classification     MEDICAL SGT Medical Library SGT Medical Library Text Book 23/03/2025 ABC DELHI 595.00 SGTU 20801   615.8 I24P FM15234 25/04/2025 23/03/2025 Books
    Dewey Decimal Classification   Not For Loan MEDICAL SGT Medical Library SGT Medical Library Text Book 23/03/2025 ABC DELHI 595.00 SGTU 20801   615.8 I24P FM15232 25/04/2025 23/03/2025 Books